000 01048nas a2200325 4500
001 BR2013003660
003 BR-BrBNA
005 20231205122329.0
007 ta
008 230509b bl.|||p| |||| 00| 00por d
040 _aBR-BrBNA
_bpor
_cBiblioteca Nacional de Agricultura
041 _a(Pt)
072 _aM12
100 1 _aBittencourt, F.
100 1 _aSouza, B.E.
100 1 _aBoscolo, W.R.
100 1 _aRorato, R.R.
100 1 _aFeiden, A.
100 1 _aNeu, D.H.
100 1 _a
245 1 _aBenzocaína e eugenol como anestésicos para o quinguio (Carassius auratus)
246 1 _aBenzocaine and eugenol as anesthetics for golden fish (Carassius auratus)
650 _aPEIXE DE ÁGUA DOCE
650 _aANESTESIA
650 _aMEDICAMENTO
773 0 _tArquivo Brasileiro de Medicina Veterinária e Zootecnia (Brazil)
_xISSN 0102-0935
_g(Dec 2012), v. 64(6) p. 1597-1602
_wBR2013003660
856 4 0 _uhttp://www.scielo.br/pdf/abmvz/v64n6/28.pdf
909 _a202311
_bLúcia
_c55
_dLúcia Elande
942 _2AGRIS
_n0
_cANA
999 _c228115
_d228115